000 01151cam a2200313 i 4500
001 768714001
003 CO-MdFUSB
005 20250527154429.0
007 ta
008 200624t2014 us |||| |||| 00| 0 eng d
020 _a9781622450497
040 _aCO-MdFUSB
_bspa
_cCO-MdFUSB
_dCO-MdFUSBC
_erda
041 _aeng
082 _223
_a248.4
_bS825
100 _aStendal, Russell,
_eautor
245 1 4 _aThe mystery of the will of God :
_ba message to the persecuted church
_c/ Russell Stendal
264 1 _aEstados Unidos :
_bAneko Press,
_c[2014]
264 4 _c© 2014
336 _2rdacontent
_atexto
_btxt
337 _2rdamedia
_asin mediación
_bn
338 _2rdacarrier
_avolumen
_bnc
505 _aAtraerme. dejarme correr. -- Enviados - la definición de un misionero o apóstol sobre Dios. Amigos de Dios. -- el camino hacia la madurez. -- Nuestro Dios es fuego consumidor. -- El misterio revelado. -- El misterio como se ve en el matrimonio. -- Puertas abiertas en los cielos.
563 _aRústico
650 0 _919
_aVida cristiana
650 7 _9655
_aIglesia
942 _cBK
945 _aJTF-925
999 _c66249
_d66249